000
00421nam a2200145Ia 4500
008
100122s9999 xx 000 0 und d
082
_b
55957
_a
823.08
100
_a
जोग सुजाता
245
_a
नादब्रम्ह
260
_b
नीहारा प्रकाशन
_c
1999
300
_a
112
630
_a
नादब्रम्ह
730
_a
नादब्रम्ह
942
_c
BOOK
999
_c
432488
_d
432485